00405 2200157 4500001002100000008004100021035002000062245003400082100002100116260003200137300002200169020002200191084001400213082000800227990001200235INLIS000000000002836 IND  a0010-0925000183 aElegi CintacFhathimha Shythy aFhathimha Shythy aJakartabRumah Oranyec2013 a224c(13 x 19 cm) a978-602-1588-30-7 a813 FHA e a813 a0755058